000 00466nam a2200181Ia 4500
008 151213s9999 xx 000 0 und d
020 _a0-631-20188-2
082 _a801.950904
_b801.950904
100 _aTerry Eagletion
245 _aLiterary Theory an Introduction
_cTerry Eagletion
250 _a2nd
260 _aU K
_bBlackwell Publishing
_c1996
300 _a7150 p.
650 _aEnglish
650 _aEnglish
700 _aTerry Eagletion
999 _c3793
_d3793